উলূমুল হাদীছ : (Record no. 86100)
[ view plain ]
| 000 -LEADER | |
|---|---|
| fixed length control field | 01058nam a2200229 a 4500 |
| 001 - CONTROL NUMBER | |
| control field | 86100 |
| 003 - CONTROL NUMBER IDENTIFIER | |
| rucl marc code | BD-RjUL |
| 005 - DATE AND TIME OF LATEST TRANSACTION | |
| control field | 20260113152014.0 |
| 008 - FIXED-LENGTH DATA ELEMENTS--GENERAL INFORMATION | |
| fixed length control field | 260113s2024 bg ||||| |||| 00| 0 ben d |
| 020 ## - INTERNATIONAL STANDARD BOOK NUMBER | |
| International Standard Book Number | 9789849912903 : |
| Terms of availability | Tk.700.00 |
| 035 ## - SYSTEM CONTROL NUMBER | |
| System control number | (BD-RjUL)86100 |
| 040 ## - CATALOGING SOURCE | |
| Original cataloging agency | BD-RjUL |
| Language of cataloging | eng |
| Transcribing agency | BD-RjUL |
| 041 ## - LANGUAGE CODE | |
| Language code of text/sound track or separate title | ben |
| 082 ## - DEWEY DECIMAL CLASSIFICATION NUMBER | |
| Edition number | 23 |
| Classification number | 297.124 |
| Author mark and year | HOU 2024 |
| 100 ## - MAIN ENTRY--PERSONAL NAME | |
| Personal name | হোসেন, মোহাম্মদ বেলাল |
| 245 ## - TITLE STATEMENT | |
| Title | উলূমুল হাদীছ : |
| Remainder of title | [একাডেমিক, ঐতিহাসিক ও মূলনীতিভিত্তিক বিশ্লেষণ] / |
| Statement of responsibility, etc. | মোহাম্মদ বেলাল হোসেন |
| 260 ## - PUBLICATION, DISTRIBUTION, ETC. (IMPRINT) | |
| Place of publication, distribution, etc. | ঢাকা : |
| Name of publisher, distributor, etc. | বাংলাদেশ ইনস্টিটিউট অব ইসলামিক থ্যট, |
| Date of publication, distribution, etc. | ২০২৪ |
| 300 ## - PHYSICAL DESCRIPTION | |
| Pagination | ৫০০ পৃ.; |
| Size | ২৫ সেমি. |
| 650 ## - SUBJECT ADDED ENTRY--TOPICAL TERM | |
| Topical term or geographic name as entry element | হাদিস |
| General subdivision | সমালোচনা, ব্যাখ্যা, ইত্যাদি |
| 9 (RLIN) | 17592 |
| Topical term or geographic name as entry element | Hadith |
| General subdivision | Criticism, interpretation, etc |
| 942 ## - ADDED ENTRY ELEMENTS (KOHA) | |
| Source of classification or shelving scheme | Dewey Decimal Classification |
| Koha item type | Books |
| Lost status | Source of classification or shelving scheme | Damaged status | Not for loan | Collection code | Permanent Location | Current Location | Shelving location | Date acquired | Source of acquisition | Cost, normal purchase price | Total Checkouts | Full call number | Date last seen | Copy number | Koha item type |
|---|---|---|---|---|---|---|---|---|---|---|---|---|---|---|---|
| Dewey Decimal Classification | Not For Loan | Non-fiction | Central Library, University of Rajshahi | Central Library, University of Rajshahi | Reading Room | 12/01/2026 | Muhammad Belal Hossain | 630.00 | B 297.124 HOU 2024 | 13/01/2026 | C-1 | Books | |||
| Dewey Decimal Classification | Non-fiction | Central Library, University of Rajshahi | Central Library, University of Rajshahi | General Stacks | 12/01/2026 | Muhammad Belal Hossain | 630.00 | B 297.124 HOU 2024 | 13/01/2026 | C-2 | Books | ||||
| Dewey Decimal Classification | Non-fiction | Central Library, University of Rajshahi | Central Library, University of Rajshahi | General Stacks | 12/01/2026 | Muhammad Belal Hossain | 630.00 | B 297.124 HOU 2024 | 13/01/2026 | C-3 | Books | ||||
| Dewey Decimal Classification | Non-fiction | Central Library, University of Rajshahi | Central Library, University of Rajshahi | General Stacks | 12/01/2026 | Muhammad Belal Hossain | 630.00 | B 297.124 HOU 2024 | 13/01/2026 | C-4 | Books | ||||
| Dewey Decimal Classification | Non-fiction | Central Library, University of Rajshahi | Central Library, University of Rajshahi | General Stacks | 12/01/2026 | Muhammad Belal Hossain | 630.00 | B 297.124 HOU 2024 | 13/01/2026 | C-5 | Books |